| 000 | 00640nam a2200193 a 4500 | ||
|---|---|---|---|
| 005 | 20210219152310.0 | ||
| 008 | 991125s1959 mx 000 0 spa u | ||
| 035 | _aUPN01000051284 | ||
| 049 | _aSEP | ||
| 050 | 4 |
_aLE7.2919 I175 _bR4 |
|
| 245 | 0 | 0 |
_aReglamento de la ley orgánica del Instituto Politécnico Nacional / _cInstituto Politécnico Nacional |
| 260 |
_aMéxico : _bIPN$bSEP, _c1959 |
||
| 300 | _a24 p | ||
| 500 | _aDisponible en la Colección Medina | ||
| 610 | 2 | 4 | _aINSTITUTO POLITECNICO NACIONAL, MEXICO$xLEYES, DECRETOS, ETC. |
| 710 | 2 | _aInstituto Politécnico Nacional (México) | |
| 904 |
_aAC _b051286 |
||
| 905 | _aLibro | ||
| 999 |
_c51284 _d51284 |
||